|
|
|
|
| LEADER |
00000nab a2200000 ar4500 |
| 001 |
vtls009007212 |
| 003 |
SK-MaSNL |
| 005 |
20260319071250.0 |
| 008 |
070713c2006 xo qr|p|||||||000 b|eng |
| 015 |
|
|
|a SNBRB2007/07
|
| 038 |
|
|
|a SNKBUCL
|
| 040 |
|
|
|a SNKBUCL
|b slo
|e AACR2
|c SNKBUCL
|
| 041 |
0 |
|
|a eng
|
| 044 |
|
|
|a xo
|c SK
|
| 080 |
|
|
|a 316.334
|x (437.6)
|2 1997
|
| 100 |
1 |
|
|a Buzalka, Juraj,
|d 1975-
|4 aut
|9 12766
|
| 245 |
1 |
0 |
|a Trust, Property and Social Change in a Southern Slovakian Village
|c Juraj Buzalka
|
| 650 |
0 |
7 |
|a vidiek
|2 snkbucl
|9 3814
|
| 651 |
|
7 |
|a Slovensko južné
|2 snkbucl
|9 161138
|
| 655 |
|
7 |
|a recenzie
|2 snkbucl
|9 21907
|
| 773 |
0 |
|
|t International Issues & Slovak Foreign Polici Affairs
|g Roč. XV, č. 2 (2006), s. 73-75
|x 1210-1583
|
| 787 |
0 |
8 |
|i Rec.:
|a Torsello, Davide
|t Trust, Property and Social Change in a Southern Slovakian Village
|d Műnster : Lit, 2003
|
| 852 |
|
|
|a SNK
|b KIS3GCP
|
| 958 |
|
|
|a SK
|
| 999 |
|
|
|c 1751208
|d 1753138
|